Dynamic programming
Αποθηκεύτηκε σε:
| Κύριος συγγραφέας: | |
|---|---|
| Μορφή: | Βιβλίο |
| Γλώσσα: | English |
| Δημοσίευση: |
New York, N.Y. :
M. Dekker,
c1992
|
| Σειρά: | Monographs and textbooks in pure and applied mathematics ;
; 154 |
| Θέματα: | |
| Ετικέτες: |
Προσθήκη ετικέτας
Δεν υπάρχουν, Καταχωρήστε ετικέτα πρώτοι!
|
MARC
| LEADER | 00000cam a2200000 i 4500 | ||
|---|---|---|---|
| 001 | 1/53031 | ||
| 008 | 941103s1992 eng d | ||
| 020 | |a 0824782453 | ||
| 035 | |l 10044594 | ||
| 040 | |a GR-MY-UA |b gre |e aacr | ||
| 041 | 0 | |a eng | |
| 082 | 0 | |a 519.703 |2 (20) | |
| 100 | 1 | |a Sniedovich, Moshe |d 1945- | |
| 245 | 1 | 0 | |a Dynamic programming / |c Moshe Sniedovich |
| 260 | |a New York, N.Y. : |b M. Dekker, |c c1992 | ||
| 300 | |a viii, 410 p.; |b ill.; |c 24 cm | ||
| 490 | 1 | |a Monographs and textbooks in pure and applied mathematics |v ; 154 | |
| 504 | |a Includes bibliographical references and index | ||
| 650 | 0 | 0 | |a Dynamic programming. |
| 830 | 0 | |a Monographs and textbooks in pure and applied mathematics ; |v ; 154 | |
| 852 | |a INST |b SAMOS |e 19941103 |h 519.703 SNI |p 005300007612 |q 005300007612 |t BK |y 0 | ||
| 909 | |a Σ |b 030322 | ||